La saison 2021 de Formule 1 - Statistiques

Statistiques générales
  • Ce quiz a été pris 241 fois
  • Le résultat moyen est 65 sur 133
Statistiques - réponses
Hint Réponse % Correct
Grand Prix de Bahreïn Lewis Hamilton
99%
Max Verstappen
97%
Valtteri Bottas
90%
Max Verstappen
85%
Valtteri Bottas
77%
Max Verstappen
75%
Vainqueur Lewis Hamilton
70%
3ème Lewis Hamilton
70%
Max Verstappen
67%
Lewis Hamilton
66%
Max Verstappen
66%
Valtteri Bottas
65%
Record du tour Lewis Hamilton
64%
Max Verstappen
64%
Max Verstappen
62%
Lando Norris
61%
Lewis Hamilton
60%
Max Verstappen
60%
Daniel Ricciardo
59%
Lewis Hamilton
59%
Lewis Hamilton
59%
Max Verstappen
59%
Max Verstappen
59%
Sergio Pérez
58%
Carlos Sainz Jr
57%
Lewis Hamilton
57%
Max Verstappen
57%
Max Verstappen
57%
Max Verstappen
57%
Valtteri Bottas
57%
Valtteri Bottas
57%
2ème Lewis Hamilton
56%
Lewis Hamilton
56%
Sergio Pérez
56%
Valtteri Bottas
56%
Esteban Ocon
55%
Lando Norris
55%
Lando Norris
55%
Max Verstappen
55%
Max Verstappen
55%
Valtteri Bottas
55%
Pole position Lewis Hamilton
53%
Lewis Hamilton
53%
Lewis Hamilton
53%
Lewis Hamilton
53%
Max Verstappen
53%
Max Verstappen
53%
Charles Leclerc
52%
Lewis Hamilton
52%
Max Verstappen
52%
Valtteri Bottas
52%
Valtteri Bottas
52%
Charles Leclerc
51%
Lewis Hamilton
51%
Max Verstappen
51%
Max Verstappen
51%
Lewis Hamilton
50%
Lewis Hamilton
50%
Max Verstappen
50%
Max Verstappen
50%
Valtteri Bottas
50%
Valtteri Bottas
50%
Lando Norris
49%
Max Verstappen
49%
Sergio Pérez
49%
Valtteri Bottas
49%
Valtteri Bottas
49%
Lewis Hamilton
48%
Max Verstappen
48%
Max Verstappen
48%
Sebastian Vettel
48%
George Russell
47%
Lewis Hamilton
47%
Lewis Hamilton
47%
Max Verstappen
47%
Pierre Gasly
47%
Pilote du jour Lewis Hamilton
45%
Lewis Hamilton
45%
Lewis Hamilton
45%
Max Verstappen
45%
Valtteri Bottas
45%
Daniel Ricciardo
44%
Lando Norris
44%
Max Verstappen
44%
Max Verstappen
44%
Max Verstappen
44%
Sergio Pérez
44%
1er Sprint Lewis Hamilton
43%
Max Verstappen
43%
Charles Leclerc
42%
Charles Leclerc
42%
Valtteri Bottas
42%
Valtteri Bottas
42%
Carlos Sainz Jr
41%
Carlos Sainz Jr
41%
Max Verstappen
41%
Sergio Pérez
41%
Valtteri Bottas
41%
Carlos Sainz Jr
40%
Daniel Ricciardo
40%
Lando Norris
40%
Lewis Hamilton
40%
Sebastian Vettel
40%
Sergio Pérez
40%
Valtteri Bottas
40%
Valtteri Bottas
40%
Lewis Hamilton
38%
Max Verstappen
38%
Max Verstappen
38%
Valtteri Bottas
38%
Lewis Hamilton
37%
Lewis Hamilton
37%
Sergio Pérez
37%
Valtteri Bottas
37%
Fernando Alonso
34%
Lando Norris
34%
Lando Norris
34%
Sergio Pérez
34%
Lando Norris
33%
Lewis Hamilton
33%
Sergio Pérez
33%
Sergio Pérez
33%
Max Verstappen
32%
Max Verstappen
31%
Sergio Pérez
30%
Max Verstappen
29%
Fernando Alonso
28%
Charles Leclerc
27%
Fernando Alonso
27%
Sebastian Vettel
22%
Kimi Räikkönen
19%
Carlos Sainz Jr
18%
Pierre Gasly
15%
Aucun quiz correspondant
Distribution des résultats
% des personnes avec chaque résultat
Percentile par nombre de réponses
Votre historique - résultats
Vous n’avez pas pris ce quiz